000 00343 a2200169 4500
001 187633
020 _a85-7311-473-8
040 _cMagnum
100 _aFurmari, Eva
240 1 0 _aCaça-fumaça
_lpor
245 1 0 _aCaça-fumaça
300 _a20
362 0 _a1992
440 1 _aPaulinas
697 _aLITERATURA INFANTIL
942 _cBK
999 _c187633
_d187633